Tödlichste Erdbeben pro Jahrhundert - Statistiken

Allgemein
  • Dieses Quiz wurde 41 mal gespielt
  • Das Durchschnittsergebnis liegt bei 13 aus 17
Antwortstatistiken
Jh. Jahr Epizentrum Tote Betroffene Länder % Korrekt
21 2004 Indischer Ozean 227.898 Bangladesch | Indien | 12 weitere
100%
4 365 Kreta 1.000+ Ägypten | Griechenland | 5 weitere
97%
20 1976 Tangshan 242.469-779.000 China
94%
17 1695 Shanxi 52.600–176.365 China
94%
16 1556 Huazhou 100.000+ China
94%
14 1303 Hongtong 170.000-270.000 China
94%
13 1290 Ningcheng 7.270-100.000 China
94%
8 749 Galiläa 10.000-100.000 Israel | Jordanien | 2 weitere
85%
15 1498 Pontelandolfo 27.000-70.000 Italien
79%
7 684 Asuka 100-1.000 Japan
79%
6 526 Antiochia 250.000-300.000+ Syrien | Türkei
74%
2 115 Antiochia etwa 260.000 Syrien | Türkei
74%
11 1033 Jordantal 70.000 Israel
68%
19 1868 Arica 25.000+ Chile | Peru
65%
18 1721 Tabriz 8.000-250.000 Iran
59%
9 856 Damghan 200.000 Iran
59%
12 1139 Ganja 230.000-300.000 Aserbaidschan | Georgien
26%
Keine übereinstimmenden Quizze gefunden
Verteilung der Resultate
Anzahl Personen mit jedem Resultat
Perzentil nach korrekt beantworteten Fragen
Ihre Resultats-Entwicklung
Sie haben dieses Quiz noch nicht gespielt